[Event "Madrid ch 2009 - Semifinal A"]
[Site "Madrid ESP"]
[Date "2009.01.19"]
[Round "4.4"]
[White "Rodriguez Gonzalez, Javier"]
[Black "Martin Rodriguez, Emilio"]
[Result "1/2-1/2"]
[WhiteElo "2262"]
[BlackElo "2133"]
[PlyCount "109"]
[EventDate "2009.01.12"]
[EventType "swiss"]
[EventRounds "9"]
[EventCountry "ESP"]
[Source "lmi"]
[SourceDate "2009.01.12"]

1. d4 d5 2. Bf4 Nf6 3. e3 c6 4. Bd3 Bg4 5. f3 Bh5 6. Nd2 e6 7. Ne2 Bg6 8. Nb3
Nbd7 9. Bxg6 hxg6 10. Qd2 Nh5 11. O-O-O Nxf4 12. Nxf4 Bd6 13. e4 Qc7 14. Nd3
O-O-O 15. e5 Be7 16. Kb1 c5 17. dxc5 Nxe5 18. Nxe5 Qxe5 19. f4 Qc7 20. Qf2 Kb8
21. Rd3 Rc8 22. Rc3 Bf6 23. Nd4 Qa5 24. a3 Qa4 25. Rd1 Rxh2 26. Rb3 Bxd4 27.
Rxd4 Qa6 28. Rdb4 Rc7 29. Rb5 Qc6 30. Ka2 Rh8 31. Qd4 f6 32. Qd3 e5 33. Qxg6 e4
34. f5 Re8 35. Qg3 Kc8 36. Ra5 Kb8 37. Qe3 Rd7 38. Qd4 Re5 39. g4 Rde7 40. Re3
Rc7 41. Rb3 Re8 42. Qe3 Rh8 43. Rb4 Rh1 44. Rab5 Kc8 45. a4 Qd7 46. a5 Kd8 47.
a6 bxa6 48. Rb8+ Ke7 49. Rxe4+ dxe4 50. Qxe4+ Kf7 51. Qxh1 Rxc5 52. Qe1 Qa4+
53. Kb1 Qxc2+ 54. Ka2 Qa4+ 55. Kb1 1/2-1/2

[Event "Madrid ch 2009 - Semifinal A"]
[Site "Madrid ESP"]
[Date "2009.01.19"]
[Round "4.5"]
[White "Tejedor Ariza, Francisco"]
[Black "Lopez Melgar, Enrique"]
[Result "1/2-1/2"]
[WhiteElo "2089"]
[BlackElo "2217"]
[PlyCount "35"]
[EventDate "2009.01.12"]
[EventType "swiss"]
[EventRounds "9"]
[EventCountry "ESP"]
[Source "lmi"]
[SourceDate "2009.01.12"]

1. d4 f5 2. h3 Nc6 3. g4 d6 4. d5 Ne5 5. f4 Nf7 6. Qd3 g6 7. Bg2 Bg7 8. Nc3 Bd7
9. g5 c5 10. e4 Qb6 11. Nge2 O-O-O 12. a4 h6 13. h4 hxg5 14. hxg5 Rxh1+ 15.
Bxh1 e5 16. dxe6 Bxe6 17. Nd5 Qc6 18. c4 1/2-1/2

[Event "Madrid ch 2009 - Semifinal A"]
[Site "Madrid ESP"]
[Date "2009.01.19"]
[Round "4.7"]
[White "Carbonell Martinez, Juan"]
[Black "De la Fuente Gonzalez, Francisco"]
[Result "0-1"]
[WhiteElo "2105"]
[BlackElo "2176"]
[PlyCount "92"]
[EventDate "2009.01.12"]
[EventType "swiss"]
[EventRounds "9"]
[EventCountry "ESP"]
[Source "lmi"]
[SourceDate "2009.01.12"]

1. d4 d5 2. Nf3 Nf6 3. Bf4 c5 4. c3 cxd4 5. cxd4 Nc6 6. Nc3 a6 7. e3 Bg4 8. Be2
e6 9. O-O Bd6 10. Bg5 h6 11. Bh4 O-O 12. e4 dxe4 13. Nxe4 Be7 14. Bxf6 Bxf6 15.
d5 Qxd5 16. Qxd5 exd5 17. Nxf6+ gxf6 18. Rfd1 Rad8 19. h3 Be6 20. Nd4 Nxd4 21.
Rxd4 Rc8 22. Bd3 Rc7 23. Rd1 Rfc8 24. Rd2 Kg7 25. f4 f5 26. Kf2 Rc1 27. a3 h5
28. Be2 Kg6 29. Bf3 R8c7 30. Ke2 R7c4 31. g3 b5 32. Ke3 Rg1 33. Kf2 Rb1 34. Ke2
Rxd4 35. Rxd4 Rxb2+ 36. Ke3 a5 37. Rd3 a4 38. Kd4 b4 39. axb4 Rxb4+ 40. Kc3
Rb3+ 41. Kd4 Rxd3+ 42. Kxd3 a3 43. Kc2 d4 44. Be2 h4 45. gxh4 d3+ 46. Bxd3 Kh5
0-1

[Event "Madrid ch 2009 - Semifinal A"]
[Site "Madrid ESP"]
[Date "2009.01.19"]
[Round "4.8"]
[White "Fernandez Aransay, Fernando"]
[Black "Lopez Andujar Ocana, Antonio"]
[Result "0-1"]
[WhiteElo "1956"]
[BlackElo "2137"]
[PlyCount "92"]
[EventDate "2009.01.12"]
[EventType "swiss"]
[EventRounds "9"]
[EventCountry "ESP"]
[Source "lmi"]
[SourceDate "2009.01.12"]

1. e4 e5 2. Nf3 Nc6 3. d4 exd4 4. Nxd4 Nf6 5. Nxc6 bxc6 6. Bd3 d5 7. e5 Ng4 8.
O-O Bc5 9. Bf4 g5 10. Bd2 h5 11. Qe2 Qe7 12. c4 Rb8 13. cxd5 cxd5 14. Nc3 c6
15. Rac1 Bd4 16. b4 Nxe5 17. Rfe1 Bg4 18. Qf1 Be6 19. b5 c5 20. Kh1 Rd8 21. f4
gxf4 22. Bxf4 Ng4 23. Re2 Qf6 24. Qf3 Ne5 25. Bxe5 Bxe5 26. Bf5 Qxf5 27. Qxf5
Bxf5 28. Rxe5+ Be6 29. Na4 c4 30. Nc5 Ke7 31. Rce1 Rh6 32. a4 d4 33. a5 d3 34.
Ne4 Rd5 35. Nc3 Rxe5 36. Rxe5 Kd6 37. Rg5 Rh8 38. b6 axb6 39. axb6 Kc6 40. Kg1
Rb8 41. Rxh5 Rxb6 42. Kf2 Rb3 43. Ne4 Rb5 44. Rh4 Rb2+ 45. Ke3 Re2+ 46. Kd4
Rxe4+ 0-1

[Event "Madrid ch 2009 - Semifinal A"]
[Site "Madrid ESP"]
[Date "2009.01.19"]
[Round "4.11"]
[White "Montero Garcia, Francisco Javier"]
[Black "Andalon Gomez, Carlos J"]
[Result "1-0"]
[WhiteElo "1906"]
[BlackElo "1999"]
[PlyCount "89"]
[EventDate "2009.01.12"]
[EventType "swiss"]
[EventRounds "9"]
[EventCountry "ESP"]
[Source "lmi"]
[SourceDate "2009.01.12"]

1. e4 c6 2. d4 d5 3. exd5 cxd5 4. c4 Nf6 5. Nc3 Nc6 6. Bg5 e6 7. Nf3 Be7 8. c5
Ne4 9. Bxe7 Qxe7 10. Qc2 Ng5 11. Nxg5 Qxg5 12. Bb5 O-O 13. Bxc6 bxc6 14. O-O e5
15. dxe5 Qxe5 16. Rfe1 Qf6 17. Rad1 Bf5 18. Qd2 Rab8 19. b3 Rfd8 20. Ne2 Rb5
21. Nd4 Rbb8 22. Qf4 Bd7 23. Qxf6 gxf6 24. Re3 a5 25. a3 Re8 26. Rde1 Kf8 27.
Rxe8+ Rxe8 28. Rxe8+ Kxe8 29. Kf1 Kd8 30. Ke2 Kc7 31. Ke3 Bg4 32. Kf4 Bd7 33.
Kg3 Kd8 34. Kh4 Ke7 35. Kh5 f5 36. f4 Kf8 37. Kh6 Kg8 38. b4 axb4 39. axb4 Be8
40. Kg5 Bd7 41. Kf6 Kf8 42. h3 Ke8 43. Kg7 Ke7 44. Kxh7 f6 45. Kg7 1-0

[Event "Madrid ch 2009 - Semifinal A"]
[Site "Madrid ESP"]
[Date "2009.01.19"]
[Round "4.12"]
[White "Perez Cameselle, Francisco Jose"]
[Black "Vukotic Jovsic, Dragan"]
[Result "0-1"]
[WhiteElo "1996"]
[BlackElo "1995"]
[PlyCount "96"]
[EventDate "2009.01.12"]
[EventType "swiss"]
[EventRounds "9"]
[EventCountry "ESP"]
[Source "lmi"]
[SourceDate "2009.01.12"]

1. Nf3 Nf6 2. g3 b5 3. Bg2 Bb7 4. O-O e6 5. d3 d5 6. Nbd2 Be7 7. Qe1 O-O 8. e4
c5 9. exd5 exd5 10. c4 a6 11. Ne5 Nbd7 12. f4 Re8 13. Qd1 Bd6 14. Nxd7 Qxd7 15.
b3 d4 16. Bxb7 Qxb7 17. Qf3 Qxf3 18. Nxf3 Ng4 19. h3 Ne3 20. Bxe3 Rxe3 21. Rad1
g5 22. fxg5 Bxg3 23. Kg2 Bf4 24. Rfe1 Rae8 25. Kf2 Kg7 26. Rxe3 Rxe3 27. Re1
Rxd3 28. Re7 bxc4 29. bxc4 Rc3 30. Ne5 Bxe5 31. Rxe5 Rxc4 32. Ke2 a5 33. a4 Rc3
34. Kd2 f6 35. Re7+ Kg6 36. gxf6 Kxf6 37. Rxh7 Ke5 38. h4 Kd5 39. Ra7 Rh3 40.
Rxa5 Rxh4 41. Ra8 Kc4 42. Rc8 Rh2+ 43. Kc1 Ra2 44. Ra8 Kb4 45. Rb8+ Kxa4 46.
Kb1 Rh2 47. Kc1 c4 48. Kd1 d3 0-1

[Event "Madrid ch 2009 - Semifinal A"]
[Site "Madrid ESP"]
[Date "2009.01.19"]
[Round "4.13"]
[White "Cortes Jurado, Rafael"]
[Black "Garcia Esteban, Juan Ignacio"]
[Result "1-0"]
[WhiteElo "2050"]
[BlackElo "2071"]
[PlyCount "75"]
[EventDate "2009.01.12"]
[EventType "swiss"]
[EventRounds "9"]
[EventCountry "ESP"]
[Source "lmi"]
[SourceDate "2009.01.12"]

1. e4 c5 2. Nf3 Nc6 3. d4 cxd4 4. Nxd4 g6 5. Nc3 Bg7 6. Be3 d6 7. Bc4 Nf6 8.
Bb3 O-O 9. Qd2 Ng4 10. Nxc6 bxc6 11. Bg5 Be6 12. O-O Ne5 13. Qe2 Qc7 14. f4 Ng4
15. Bxe6 Bd4+ 16. Kh1 Nf2+ 17. Rxf2 Bxf2 18. Bb3 Bd4 19. Qc4 Bxc3 20. Qxc3 e5
21. Qh3 h5 22. f5 Kg7 23. f6+ Kh7 24. Bd2 Rh8 25. Qg3 d5 26. Qg5 Kg8 27. exd5
Rh7 28. dxc6 Kh8 29. Bd5 h4 30. Bf3 Re8 31. Re1 Qd6 32. h3 Qc5 33. Bc3 Qf2 34.
Rxe5 Rc8 35. Qe3 Qxe3 36. Rxe3 Rh6 37. Re7 Kg8 38. c7 1-0

[Event "Madrid ch 2009 - Semifinal A"]
[Site "Madrid ESP"]
[Date "2009.01.19"]
[Round "4.14"]
[White "Cano Mercado, Francisco Manuel"]
[Black "Ruiz Quevedo, Andres"]
[Result "0-1"]
[WhiteElo "1907"]
[BlackElo "1889"]
[PlyCount "50"]
[EventDate "2009.01.12"]
[EventType "swiss"]
[EventRounds "9"]
[EventCountry "ESP"]
[Source "lmi"]
[SourceDate "2009.01.12"]

1. d4 Nf6 2. Bg5 e6 3. e4 h6 4. Bxf6 Qxf6 5. Nf3 g6 6. Bd3 Bg7 7. O-O O-O 8.
Nbd2 b6 9. c3 Bb7 10. Qe2 d6 11. Rac1 Qe7 12. Nc4 Nd7 13. a4 Rae8 14. Na3 f5
15. Rfe1 Qf7 16. Qc2 fxe4 17. Bxe4 Bxe4 18. Rxe4 Nf6 19. Re2 Nd5 20. Nh4 Nf4
21. Re4 g5 22. Rxf4 gxf4 23. Ng6 f3 24. g3 Qf5 25. Nxf8 Qh3 0-1

[Event "Madrid ch 2009 - Semifinal A"]
[Site "Madrid ESP"]
[Date "2009.01.20"]
[Round "5.1"]
[White "Longa Yauca, Javier"]
[Black "Hernandez Gallardo, Francisco Javier"]
[Result "1/2-1/2"]
[WhiteElo "2312"]
[BlackElo "2281"]
[PlyCount "131"]
[EventDate "2009.01.12"]
[EventType "swiss"]
[EventRounds "9"]
[EventCountry "ESP"]
[Source "lmi"]
[SourceDate "2009.01.12"]

1. c4 Nf6 2. Nc3 g6 3. e4 d6 4. d4 Bg7 5. g3 O-O 6. Bg2 c6 7. Nge2 e5 8. O-O
Nbd7 9. d5 cxd5 10. cxd5 a5 11. h3 b6 12. Be3 Ba6 13. Kh2 Nc5 14. Qd2 Nfd7 15.
g4 b5 16. Ng3 b4 17. Nce2 Rc8 18. b3 Qb6 19. Rg1 Qb5 20. Nc1 Qb7 21. Bf3 Kh8
22. Bh6 Bxh6 23. Qxh6 f6 24. h4 Nb6 25. h5 Qg7 26. Qd2 Rc7 27. a3 Rb7 28. axb4
axb4 29. Ra5 Nbd7 30. h6 Qe7 31. Kg2 Qd8 32. Ra2 Qb6 33. Qe3 Ra7 34. Bd1 Bb5
35. Rxa7 Qxa7 36. Kh2 Qa1 37. Be2 Bxe2 38. Ngxe2 Qb2 39. Ng3 Rb8 40. Re1 Ra8
41. g5 Qd4 42. Qe2 fxg5 43. Rd1 Qc3 44. Qg4 Rf8 45. Rf1 Qd2 46. Nce2 Nf6 47.
Qf3 g4 48. Qe3 Qxe3 49. fxe3 Kg8 50. Ra1 Nfxe4 51. Nxe4 Nxe4 52. Kg1 Nf6 53.
Ra5 Rc8 54. Rb5 Rc5 55. Rxb4 Rxd5 56. Rb7 Rd3 57. Kf2 Ne4+ 58. Kf1 Rxe3 59. b4
g3 60. Ng1 Rb3 61. Kg2 d5 62. Nf3 Rb2+ 63. Kg1 Rb1+ 64. Kg2 Rb2+ 65. Kg1 Rb1+
66. Kg2 1/2-1/2

[Event "Madrid ch 2009 - Semifinal A"]
[Site "Madrid ESP"]
[Date "2009.01.20"]
[Round "5.2"]
[White "Ballesteros Gonzalez, David"]
[Black "Rodriguez Gonzalez, Javier"]
[Result "1-0"]
[WhiteElo "2271"]
[BlackElo "2262"]
[PlyCount "51"]
[EventDate "2009.01.12"]
[EventType "swiss"]
[EventRounds "9"]
[EventCountry "ESP"]
[Source "lmi"]
[SourceDate "2009.01.12"]

1. d4 d5 2. c4 e6 3. Nf3 Nf6 4. Nc3 Bb4 5. e3 O-O 6. Qc2 a6 7. a3 Bd6 8. c5 Be7
9. Ne5 Nfd7 10. f4 Nxe5 11. fxe5 f6 12. exf6 Bxf6 13. Bd3 g6 14. O-O Nc6 15.
Bd2 Ne7 16. Rae1 c6 17. Ne2 e5 18. dxe5 Bxe5 19. e4 dxe4 20. Bc4+ Nd5 21. Qxe4
Re8 22. Ng3 Kh8 23. Bxd5 cxd5 24. Rf8+ Rxf8 25. Qxe5+ Kg8 26. Bc3 1-0

[Event "Madrid ch 2009 - Semifinal A"]
[Site "Madrid ESP"]
[Date "2009.01.20"]
[Round "5.3"]
[White "Lopez Melgar, Enrique"]
[Black "Pastor Alonso de Prado, Alberto"]
[Result "1-0"]
[WhiteElo "2217"]
[BlackElo "2137"]
[PlyCount "129"]
[EventDate "2009.01.12"]
[EventType "swiss"]
[EventRounds "9"]
[EventCountry "ESP"]
[Source "lmi"]
[SourceDate "2009.01.12"]

1. e4 e5 2. f4 Qh4+ 3. g3 Qe7 4. fxe5 d6 5. Nc3 dxe5 6. Nd5 Qd6 7. Nf3 c6 8.
Ne3 Nd7 9. Bh3 Ngf6 10. d3 Qc7 11. O-O Bc5 12. Kg2 Nf8 13. Bxc8 Rxc8 14. Nf5
Ne6 15. N3h4 Ng8 16. Qg4 Bf8 17. Bd2 Rd8 18. Bc3 g6 19. Ne3 Nh6 20. Qe2 Bg7 21.
Bb4 a5 22. Ba3 f6 23. Ng4 Nd4 24. Qd1 Nxg4 25. Qxg4 Qd7 26. Qd1 Kf7 27. Qd2 Qc7
28. Bc5 Ne6 29. Be3 Bf8 30. Qf2 Qe7 31. Qd2 Qb4 32. c3 Qd6 33. Rad1 c5 34. Nf3
Bg7 35. a4 Rhe8 36. Qc2 Kg8 37. Qb3 Rd7 38. Rd2 Qc6 39. Rfd1 Kh8 40. Qc4 Rd6
41. Re1 b6 42. Ree2 Red8 43. Kf2 Qd7 44. Re1 Nc7 45. Red1 Qc6 46. Qb3 h5 47.
Qf7 f5 48. Qc4 Rf8 49. Ke2 f4 50. gxf4 exf4 51. Bf2 Ne6 52. Rg1 Kh7 53. Bh4 Qd7
54. Rdd1 Qe8 55. Rg2 Bh6 56. e5 Ng7 57. Qe4 Re6 58. d4 Nf5 59. Rdg1 cxd4 60.
cxd4 Ne3 61. Ng5+ Bxg5 62. Rxg5 Nf5 63. Be1 Qxa4 64. Bc3 Rd8 65. Rxf5 1-0

[Event "Madrid ch 2009 - Semifinal A"]
[Site "Madrid ESP"]
[Date "2009.01.20"]
[Round "5.4"]
[White "Lopez Andujar Ocana, Antonio"]
[Black "Fraga Castro, Jose Carlos"]
[Result "0-1"]
[WhiteElo "2137"]
[BlackElo "2187"]
[PlyCount "92"]
[EventDate "2009.01.12"]
[EventType "swiss"]
[EventRounds "9"]
[EventCountry "ESP"]
[Source "lmi"]
[SourceDate "2009.01.12"]

1. e4 c5 2. Nf3 Nc6 3. c3 d5 4. e5 Bg4 5. Bb5 Qb6 6. Qa4 Bxf3 7. gxf3 Rc8 8. f4
e6 9. Na3 a6 10. Be2 Nge7 11. d3 Qa5 12. Qxa5 Nxa5 13. Nc2 Ng6 14. h4 h5 15.
Bd2 Nc6 16. O-O-O Be7 17. Rdg1 Kd7 18. Ne1 b5 19. Nf3 Rh7 20. Rh2 Nf8 21. c4 d4
22. cxb5 axb5 23. Kb1 Kc7 24. Rc1 Kb6 25. Rhh1 Nd7 26. Ng5 Bxg5 27. hxg5 g6 28.
Rc2 Rhh8 29. Rhc1 b4 30. Bf3 Ne7 31. a3 bxa3 32. bxa3 Nd5 33. Rb2+ Ka6 34. Ka2
Rb8 35. Rbc2 h4 36. Rc4 N5b6 37. R4c2 h3 38. Bc6 Rbc8 39. Bh1 Rh4 40. Rb1 Nd5
41. Rcb2 N7b6 42. Rb5 Rc6 43. a4 h2 44. Ba5 Nxa4 45. Bxd5 exd5 46. Rb8 Kxa5 0-1

[Event "Madrid ch 2009 - Semifinal A"]
[Site "Madrid ESP"]
[Date "2009.01.20"]
[Round "5.5"]
[White "De la Fuente Gonzalez, Francisco"]
[Black "Tejedor Ariza, Francisco"]
[Result "0-1"]
[WhiteElo "2176"]
[BlackElo "2089"]
[PlyCount "148"]
[EventDate "2009.01.12"]
[EventType "swiss"]
[EventRounds "9"]
[EventCountry "ESP"]
[Source "lmi"]
[SourceDate "2009.01.12"]

1. c4 c6 2. Nf3 d5 3. b3 Nf6 4. g3 g6 5. Bg2 Bg7 6. d4 O-O 7. Nc3 Nbd7 8. cxd5
Nxd5 9. Nxd5 cxd5 10. Bf4 Nf6 11. O-O Bf5 12. Rc1 Rc8 13. Qd2 Qb6 14. Ne5 Rxc1
15. Rxc1 Rc8 16. Rxc8+ Bxc8 17. Qc3 Be6 18. Qc5 Qxc5 19. dxc5 Nh5 20. Nd3 Bc3
21. Be5 Bxe5 22. Nxe5 Nf6 23. c6 Bc8 24. b4 Kf8 25. b5 e6 26. f3 Ke7 27. Kf2
Ne8 28. e4 f6 29. cxb7 Bxb7 30. Nd3 Kd6 31. Ke3 Nc7 32. a4 e5 33. Bh3 d4+ 34.
Kd2 Na8 35. Kc2 Nb6 36. Kb3 Bc8 37. Bxc8 Nxc8 38. a5 g5 39. Kc4 Ne7 40. Nb4 f5
41. g4 f4 42. a6 Nc8 43. Nd5 Kd7 44. Nf6+ Kc7 45. Nxh7 Nd6+ 46. Kd3 Nf7 47. Kc4
Kb6 48. Nf6 Nd6+ 49. Kb4 Nxb5 50. Nd7+ Kxa6 51. Nxe5 Kb6 52. Nc4+ Kc6 53. Ne5+
Kb6 54. Kc4 a5 55. Nd7+ Kc6 56. Nc5 Na3+ 57. Kxd4 Nc2+ 58. Kc4 Ne1 59. e5 Nxf3
60. e6 Kd6 61. h3 Ne5+ 62. Kb5 Ke7 63. Kxa5 f3 64. Ne4 Nd3 65. Kb5 f2 66. Ng3
Kxe6 67. Kc4 Nf4 68. Nf1 Ke5 69. Kc3 Nxh3 70. Kd2 Kf4 71. Ne3 Kf3 72. Kd3 Nf4+
73. Kd2 Nd5 74. Nf1 Nf6 0-1

[Event "Madrid ch 2009 - Semifinal A"]
[Site "Madrid ESP"]
[Date "2009.01.20"]
[Round "5.6"]
[White "Martin Rodriguez, Emilio"]
[Black "Lozano Cortijo, Mariano"]
[Result "1/2-1/2"]
[WhiteElo "2133"]
[BlackElo "2161"]
[PlyCount "56"]
[EventDate "2009.01.12"]
[EventType "swiss"]
[EventRounds "9"]
[EventCountry "ESP"]
[Source "lmi"]
[SourceDate "2009.01.12"]

1. d4 Nf6 2. c4 e6 3. Nf3 Bb4+ 4. Nbd2 O-O 5. a3 Bxd2+ 6. Bxd2 h6 7. Qc2 d5 8.
e3 Nbd7 9. Bd3 Re8 10. O-O c6 11. b4 e5 12. dxe5 Nxe5 13. Nxe5 Rxe5 14. Bc3 Rh5
15. Be2 Ng4 16. Bxg4 Bxg4 17. f3 Bf5 18. e4 dxe4 19. fxe4 Be6 20. c5 Rg5 21.
Rad1 Qe7 22. Rf2 Re8 23. Re1 Rg4 24. Rf3 Qh4 25. Rfe3 Qg5 26. Qf2 Qg6 27. h3
Rg5 28. Kh2 Kh7 1/2-1/2

[Event "Madrid ch 2009 - Semifinal A"]
[Site "Madrid ESP"]
[Date "2009.01.20"]
[Round "5.7"]
[White "Ciuro Munoz, Ricardo"]
[Black "Salcedo Tornero, Pablo"]
[Result "1-0"]
[WhiteElo "2071"]
[BlackElo "2158"]
[PlyCount "93"]
[EventDate "2009.01.12"]
[EventType "swiss"]
[EventRounds "9"]
[EventCountry "ESP"]
[Source "lmi"]
[SourceDate "2009.01.12"]

1. e4 g6 2. Nc3 Bg7 3. d4 d6 4. h4 h5 5. Nf3 Bg4 6. Be2 Nd7 7. Be3 c6 8. Qd2
Qa5 9. a3 Ngf6 10. O-O O-O 11. Bh6 Bxf3 12. Bxf3 Rfe8 13. Bxg7 Kxg7 14. g3 e5
15. Rfe1 Qb6 16. d5 c5 17. Bg2 Ng4 18. Na4 Qd8 19. Nc3 a6 20. Nd1 b5 21. Bh3
Ndf6 22. f3 Nh6 23. Ne3 Nh7 24. c4 Qf6 25. Rf1 Reb8 26. b4 Rc8 27. Bxc8 Rxc8
28. cxb5 axb5 29. bxc5 Rxc5 30. Rac1 Rxc1 31. Qxc1 g5 32. Qe1 Nf8 33. Ng2 Ng6
34. hxg5 Qxg5 35. f4 exf4 36. gxf4 Qf6 37. Qa1 Ng4 38. Qxf6+ Kxf6 39. Rb1 h4
40. f5 N6e5 41. Nxh4 Nc4 42. Nf3 Nge5 43. Nxe5 Kxe5 44. Rxb5 Nxa3 45. Rb7 f6
46. Re7+ Kf4 47. e5 1-0

[Event "Madrid ch 2009 - Semifinal A"]
[Site "Madrid ESP"]
[Date "2009.01.20"]
[Round "5.8"]
[White "Garcia Gutierrez, Jose"]
[Black "Quintero Torres, Pedro"]
[Result "1/2-1/2"]
[WhiteElo "2060"]
[BlackElo "2046"]
[PlyCount "48"]
[EventDate "2009.01.12"]
[EventType "swiss"]
[EventRounds "9"]
[EventCountry "ESP"]
[Source "lmi"]
[SourceDate "2009.01.12"]

1. e4 c5 2. d4 cxd4 3. c3 d3 4. Bxd3 Nc6 5. c4 Nf6 6. Nc3 e6 7. Nf3 d6 8. O-O
Be7 9. Qe2 O-O 10. Rd1 Qa5 11. Nb5 a6 12. Bd2 Qd8 13. Nc3 e5 14. h3 Nd4 15.
Nxd4 exd4 16. Nd5 Nxd5 17. exd5 Bf6 18. Re1 Bd7 19. Qf3 Be5 20. c5 Bb5 21. Rac1
Bxd3 22. Qxd3 Rc8 23. c6 bxc6 24. dxc6 Qb6 1/2-1/2

[Event "Madrid ch 2009 - Semifinal A"]
[Site "Madrid ESP"]
[Date "2009.01.20"]
[Round "5.9"]
[White "Vukotic Jovsic, Dragan"]
[Black "Montero Garcia, Francisco Javier"]
[Result "1-0"]
[WhiteElo "1995"]
[BlackElo "1906"]
[PlyCount "83"]
[EventDate "2009.01.12"]
[EventType "swiss"]
[EventRounds "9"]
[EventCountry "ESP"]
[Source "lmi"]
[SourceDate "2009.01.12"]

1. d4 Nf6 2. Nf3 c5 3. d5 e6 4. Nc3 exd5 5. Nxd5 Nxd5 6. Qxd5 Nc6 7. c3 d6 8.
Bg5 Be6 9. Qxe6+ fxe6 10. Bxd8 Rxd8 11. e4 Be7 12. O-O-O d5 13. exd5 exd5 14.
Bb5 O-O 15. Rhe1 Bf6 16. Re6 Kf7 17. Re2 Rd6 18. g3 g6 19. Bxc6 bxc6 20. Ne5+
Bxe5 21. Rxe5 Re6 22. Rxe6 Kxe6 23. Re1+ Kd7 24. f4 Re8 25. Rxe8 Kxe8 26. Kd2
Ke7 27. b3 Ke6 28. Ke3 Kf5 29. Kf3 a5 30. g4+ Ke6 31. Ke3 Kf6 32. Kd3 Ke6 33.
a3 Kd6 34. a4 Ke6 35. b4 cxb4 36. cxb4 axb4 37. a5 c5 38. a6 c4+ 39. Kc2 b3+
40. Kb2 c3+ 41. Kxc3 d4+ 42. Kxb3 1-0

[Event "Madrid ch 2009 - Semifinal A"]
[Site "Madrid ESP"]
[Date "2009.01.20"]
[Round "5.10"]
[White "Ruiz Quevedo, Andres"]
[Black "Fernandez Aransay, Fernando"]
[Result "0-1"]
[WhiteElo "1889"]
[BlackElo "1956"]
[PlyCount "46"]
[EventDate "2009.01.12"]
[EventType "swiss"]
[EventRounds "9"]
[EventCountry "ESP"]
[Source "lmi"]
[SourceDate "2009.01.12"]

1. e4 c6 2. d4 d5 3. exd5 cxd5 4. Bd3 Nf6 5. c3 Nc6 6. Bf4 Bg4 7. Qb3 Qb6 8.
Nd2 e6 9. Ngf3 Be7 10. O-O O-O 11. Qc2 Rac8 12. a3 Ne4 13. Rae1 f5 14. Qb1 g5
15. Be5 Nxe5 16. dxe5 Bc5 17. Re2 Bh5 18. Nxe4 fxe4 19. Bxe4 dxe4 20. Qxe4 Rf4
21. Qc2 Bg6 22. Qc1 Bd3 23. Nxg5 Rcf8 0-1

[Event "Madrid ch 2009 - Semifinal A"]
[Site "Madrid ESP"]
[Date "2009.01.20"]
[Round "5.11"]
[White "Andalon Gomez, Carlos J"]
[Black "Cortes Jurado, Rafael"]
[Result "1-0"]
[WhiteElo "1999"]
[BlackElo "2050"]
[PlyCount "51"]
[EventDate "2009.01.12"]
[EventType "swiss"]
[EventRounds "9"]
[EventCountry "ESP"]
[Source "lmi"]
[SourceDate "2009.01.12"]

1. d4 Nf6 2. c4 g6 3. Nc3 Bg7 4. e4 d6 5. f4 O-O 6. Nf3 Na6 7. Bd3 Bg4 8. h3
Bxf3 9. Qxf3 e5 10. fxe5 dxe5 11. d5 Nh5 12. O-O Qe7 13. g3 Nb4 14. Bb1 Qc5+
15. Kg2 Qxc4 16. a3 Qa6 17. b3 f5 18. exf5 e4 19. Bxe4 Bxc3 20. Qxc3 Qe2+ 21.
Kg1 Qxe4 22. Bb2 Nf6 23. axb4 g5 24. Rae1 Qxd5 25. Re6 c5 26. Rxf6 1-0

[Event "Madrid ch 2009 - Semifinal A"]
[Site "Madrid ESP"]
[Date "2009.01.20"]
[Round "5.12"]
[White "Garcia Gonzalez, Pedro A"]
[Black "Perez Cameselle, Francisco Jose"]
[Result "1/2-1/2"]
[WhiteElo "1927"]
[BlackElo "1996"]
[PlyCount "129"]
[EventDate "2009.01.12"]
[EventType "swiss"]
[EventRounds "9"]
[EventCountry "ESP"]
[Source "lmi"]
[SourceDate "2009.01.12"]

1. d4 Nf6 2. Nf3 g6 3. b3 Bg7 4. Bb2 O-O 5. e3 d6 6. Be2 Nbd7 7. O-O e5 8. dxe5
Ng4 9. Nbd2 Ndxe5 10. Qc1 Nxf3+ 11. Nxf3 Bxb2 12. Qxb2 Qf6 13. Qxf6 Nxf6 14. c4
a5 15. Rfd1 Ne4 16. Rac1 Kg7 17. Nd4 f5 18. g3 Bd7 19. Bf3 Rf6 20. Nb5 Bxb5 21.
cxb5 Nc5 22. Rxc5 dxc5 23. Bxb7 Ra7 24. Bc6 a4 25. bxa4 c4 26. Rd2 c3 27. Rc2
Rxa4 28. Rxc3 Rxa2 29. Bb7 Rf7 30. Bd5 Ra1+ 31. Kg2 Re7 32. Rb3 Rd7 33. Bc6 Rd2
34. e4 fxe4 35. Bxe4 Kf6 36. Rf3+ Ke7 37. Bc6 Re1 38. h4 h6 39. Rf4 Re6 40. Rc4
Rf6 41. Bf3 Kd8 42. Rc3 Rf7 43. b6 cxb6 44. Rb3 Rf6 45. Kf1 Kc7 46. Ke1 Ra2 47.
Rc3+ Kb8 48. Rb3 Ka7 49. Re3 Ka6 50. Be2+ Ka5 51. Re5+ Kb4 52. Re4+ Kc3 53.
Rc4+ Kb3 54. Re4 Rc6 55. Re3+ Rc3 56. Bd1+ Kb4 57. Re6 Kc5 58. Rxg6 Rc1 59. Rg8
Kb4 60. f4 b5 61. Rd8 Rg2 62. Rd3 Kc4 63. Rd6 b4 64. Rc6+ Kd3 65. Rxc1 1/2-1/2

[Event "Madrid ch 2009 - Semifinal A"]
[Site "Madrid ESP"]
[Date "2009.01.20"]
[Round "5.13"]
[White "Garcia Esteban, Juan Ignacio"]
[Black "Pardo Robles, Jose Manuel"]
[Result "0-1"]
[WhiteElo "2071"]
[BlackElo "1946"]
[PlyCount "64"]
[EventDate "2009.01.12"]
[EventType "swiss"]
[EventRounds "9"]
[EventCountry "ESP"]
[Source "lmi"]
[SourceDate "2009.01.12"]

1. e4 c5 2. Nf3 d6 3. d4 cxd4 4. Nxd4 Nf6 5. Nc3 g6 6. Be3 Bg7 7. Bc4 O-O 8. f3
Nc6 9. Qd2 Bd7 10. O-O-O Rc8 11. Bb3 Ne5 12. Kb1 Nc4 13. Bxc4 Rxc4 14. g4 b5
15. h4 b4 16. Nce2 Qa5 17. h5 Rfc8 18. hxg6 fxg6 19. Rc1 Bxg4 20. Nb3 Qa6 21.
e5 Bxf3 22. exf6 Bxf6 23. Rh2 Be4 24. Ned4 e5 25. Qf2 d5 26. Qg1 exd4 27. Nxd4
Bxd4 28. Bxd4 Rxc2 29. Rhxc2 Rxc2 30. Ka1 b3 31. a3 Qxa3+ 32. bxa3 Ra2# 0-1

[Event "Madrid ch 2009 - Semifinal A"]
[Site "Madrid ESP"]
[Date "2009.01.21"]
[Round "6.1"]
[White "Hernandez Gallardo, Francisco Javier"]
[Black "Ballesteros Gonzalez, David"]
[Result "1/2-1/2"]
[WhiteElo "2281"]
[BlackElo "2271"]
[PlyCount "71"]
[EventDate "2009.01.12"]
[EventType "swiss"]
[EventRounds "9"]
[EventCountry "ESP"]
[Source "lmi"]
[SourceDate "2009.01.12"]

1. e4 c5 2. Nf3 g6 3. d4 cxd4 4. Nxd4 Nf6 5. Nc3 d6 6. Bc4 Bg7 7. h3 a6 8. Bb3
Qa5 9. O-O O-O 10. Be3 Nc6 11. f4 Bd7 12. Nf3 Qc7 13. Re1 e6 14. Qd2 b5 15. a3
Rad8 16. Rad1 Bc8 17. Qf2 Nd7 18. f5 Rde8 19. Ng5 Nf6 20. Qh4 Ne5 21. Rf1 h6
22. fxe6 fxe6 23. Nf3 Nxf3+ 24. Rxf3 g5 25. Qg3 Rd8 26. h4 g4 27. Rf2 Kh7 28.
Rfd2 e5 29. Qe1 Qe7 30. Bf2 Bb7 31. Qe2 Bc8 32. Rd3 Bb7 33. Nd5 Bxd5 34. Bxd5
Nxd5 35. Rxd5 h5 36. Qd3 1/2-1/2